000 01110nam a22002537a 4500
005 20240530110627.0
008 170108s2014 ua f 000 0 ara d
017 _a2014/15995
_bمصر. دار الكتب
020 _a9789773223373
040 _aEG-CaGPL
_cEG-CaGPL
082 0 4 _221
_a953.08
_bق/أ و
100 0 _aاحمد بن زنبل الرمال .
245 1 0 _aواقعة السلطان الغورى مع سليم العثمانى :
_bنهاية المماليك بين التاريخ و الحكم الشعبى /
_cاحمد بن زنبل الرمال ؛ تقديم و دراسة قاسم عبده قاسم .
250 _aط.1
260 _aالقاهرة :
_bعين للدراسات و البحوث الانسانية و الاجتماعية ،
_c2014 .
300 _a190ص ؛
_c24 سم .
610 0 _aالسلطان الغورى .
610 0 _aسليم العثمانى
650 _2qrmak
651 0 7 _2qrmak
_aمصر
_xتاريخ
_yعصر المماليك .
700 0 _aقاسم عبده قاسم
_eمقدم .
942 _2ddc
_cBK
999 _c63172
_d63172